Movies Quiz

Random Movies or Actor Quiz

Colorful Movies Quiz Stats

 Plays Quiz not verified by Sporcle

Score 0/112 Timer 15:00
0 Plays Today
Actors Movie % Correct
Dan Aykroyd & John BelushiBlues Brothers
87.2%
Sienna Miller & Melanie GriffithYellow
87.2%
Sean Connery & Alec BaldwinHunt for Red October
84.6%
Paul McCartney & George HarrisonYellow Submarine
84.6%
Will Smith & Tommy Lee JonesMen in Black
82.1%
Wesley Snipes & Woody HarrelsonWhite Men Can't Jump
82.1%
Prince & Apollonia KoteroPurple Rain
82.1%
Elvis Presley & Joan BlackmanBlue Hawaii
79.5%
Isabella Rossellini & Kyle McLachlanBlue Velvet
79.5%
Johnny Depp & Orlando BloomPirates of the Caribbean: Curse of the Black Pearl
79.5%
Pierce Brosnan & Famke JanssenGoldenEye
79.5%
Tom Hanks & Michael Clarke DuncanGreen Mile
79.5%
Molly Ringwald & Jon CryerPretty In Pink
79.5%
Natalie Portman & Mila KunisBlack Swan
76.9%
Brad Pitt & Anthony HopkinsMeet Joe Black
76.9%
Sean Connery & Honor BlackmanGoldfinger
76.9%
Danny Glover & Whoopi GoldbergColor Purple
76.9%
Shawn & Marlon WayansWhite Chicks
74.4%
Patrick Swayze & C. Thomas HowellRed Dawn
71.8%
Kathy Bates & Jessica TandyFried Green Tomatoes
71.8%
Ryan Reynolds & Blake LivelyGreen Lantern
71.8%
Pam Grier & Samuel L. JacksonJackie Brown
71.8%
Peter Sellers & David NivenPink Panther
71.8%
Vin Diesel & Radha MitchellPitch Black
66.7%
Malcolm McDowell & Patrick MageeClockwork Orange
66.7%
Seth Rogen & Jay ChouGreen Hornet
66.7%
Gene Hackman & Denzel WashingtonCrimson Tide
66.7%
Brooke Shields & Christopher AtkinsBlue Lagoon
64.1%
Ryan Gosling & Michelle WilliamsBlue Valentine
64.1%
Brigitte Nielsen & Arnold SchwarzeneggerRed Sonja
64.1%
Samuel L. Jackson & Christina RicciBlack Snake Moan
64.1%
Daniel Radcliffe & Janet McTeerWoman in Black
64.1%
Colin Hanks & Jack BlackOrange County
64.1%
Ron Perlman & Selma BlairHellboy II: The Golden Army
64.1%
Cillian Murphy & Rachel McAdamsRed Eye
61.5%
Kristen Stewart & Charlize TheronSnow White and the Huntsman
61.5%
Kal Penn & John ChoHarold & Kumar Go to White Castle
61.5%
Michael Myers & Michael CaineAustin Powers: Goldmember
61.5%
Actors Movie % Correct
Kate Bosworth & Michelle RodriguezBlue Crush
59%
Cate Blanchett & Alec BaldwinBlue Jasmine
59%
Nicole Kidman & Ewan McGregorMoulin Rouge
59%
David Spade & Chris FarleyBlack Sheep
59%
Kate Hudson & Matthew McConaugheyFool's Gold
59%
Matt Damon & Jason IsaacsGreen Zone
59%
Nicole Kidman & Daniel CraigGolden Compass
59%
Amanda Seyfried & Gary OldmanRed Riding Hood
56.4%
Josh Hartnett & Ewan McGregorBlack Hawk Down
56.4%
Katharine Hepuburn & Henry FondaOn Golden Pond
56.4%
Thomas Jane & LL Cool JDeep Blue Sea
53.8%
Ralph Fiennes & Edward NortonRed Dragon
53.8%
Josh Hartnett & Scarlet JohanssonBlack Dahlia
53.8%
Jamie Dornan & Dakota Johnson50 Shades of Grey
53.8%
Divine & Jon Waters (dir)Pink Flamingos
53.8%
Hugh Grant & James CaanMickey Blue Eyes
51.3%
Jennifer Jason Leigh & Bridget FondaSingle White Female
51.3%
Mia Farrow & Jeff DanielsPurple Rose of Cairo
51.3%
James Van Der Beek & Jon VoightVarsity Blues
48.7%
Tom Hiddleston & Mia WasikowskaCrimson Peak
48.7%
Martin Lawrence & Luke WilsonBlue Streak
46.2%
Denzel Washington & Tom SizemoreDevil in a Blue Dress
46.2%
Johnny Depp & Benedict CumberbatchBlack Mass
46.2%
Gerard Depardieu & Andie MacDowellGreen Card
46.2%
Charlton Heston & Leigh Taylor-YoungSoylent Green
46.2%
Léa Seydoux & Adèle ExarchopoulosBlue is the Warmest Color
43.6%
Jessica Alba & Paul WalkerInto the Blue
43.6%
Adriana Caselotti & Roy Atwell (voices)Snow White and the Seven Dwarves
43.6%
Clint Eastwood & Bernadette PetersPink Cadillac
43.6%
Jamie Lee Curtis & Ron SilverBlue Steel
41%
Michelle Pfeiffer & Renee ZellwegerWhite Oleander
41%
Walter Pidgeon & Maureen O'HaraHow Green was My Valley
41%
Cate Blanchett & Geoffrey RushElizabeth: The Golden Age
41%
Sean Bean & Eddie RedmayneBlack Death
38.5%
Elijah Wood & Charlie HunnamGreen Street Hooligans
38.5%
Reese Witherspoon & Sally FieldLegally Blonde 2: Red, White & Blonde
38.5%
Jessica Lange & Tommy Lee JonesBlue Sky
35.9%
Demi Moore & Gary OldmanScarlet Letter
35.9%
Actors Movie % Correct
Mark Lester & Walter SlezakBlack Beauty
35.9%
John Wayne & Joanne DruShe Wore a Yellow Ribbon
35.9%
Lorenza Izzo & Eli Roth (dir)Green Inferno
35.9%
Patrick Stewart & Anton YelchinGreen Room
35.9%
Chris Hemsworth & Leehom WangBlackhat
35.9%
Li Gong & Jingwu MaRaise the Red Lantern
33.3%
Val Kilmer & Carrie-Anne MossRed Planet
33.3%
James Cagney & Virginia MayoWhite Heat
33.3%
John Wayne & David JanssenGreen Berets
33.3%
Steve Martin & Rick MoranisMy Blue Heaven
30.8%
John Travolta & Harry BelafonteWhite Man's Burden
30.8%
Gene Wilder & Charles GrodinWoman in Red
28.2%
Carice van Houten & Sebastian KochBlack Book
28.2%
Kelly Reno & Mickey RooneyBlack Stallion
28.2%
Kimberly Elise & Tyler PerryDiary of a Mad Black Woman
28.2%
Melissa Leo & John GoodmanRed State
25.6%
Nick Nolte & Jim CaviezelThin Red Line
25.6%
Ethan Hawke & James RemarWhite Fang
25.6%
Michael Keaton & Chandra WestWhite Noise
25.6%
Jeff Bridges & Scott WolfWhite Squall
25.6%
Debbie Reynolds & Harve PresnellUnsinkable Molly Brown
25.6%
Grant Bardsley & Susan Sheridan (voices)Black Cauldron
23.1%
Arsenio Hall & Tommy DavidsonBlack Dynamite
23.1%
Brittany Murphy & Holly HunterLittle Black Book
23.1%
Amanda Bynes & Sara PaxtonSydney White
23.1%
Drew Barrymore & Jessica Lange (TV)Grey Gardens
23.1%
Taye Diggs & Sanaa LathanBrown Sugar
23.1%
Jesse Bradford & Mimi RogersFar From Home: Adventures of Yellow Dog
20.5%
Graham Chapman & Peter BoyleYellowbeard
20.5%
Yun-Fat Chow & Li GongCurse of the Golden Flower
17.9%
Catherine Zeta-Jones & Ewan McGregorBlue Juice
15.4%
Tyler James Williams & Tessa ThompsonDear White People
15.4%
Jessica Biel & Ray LiottaPowder Blue
12.8%
Chiwetel Ejiofor & Tim AllenRedbelt
12.8%
Diana Glenn & Maeve DermodyBlack Water
12.8%
Richard Carlson & Julie AdamsCreature from the Black Lagoon
12.8%

You're not logged in!

Compare scores with friends on all Sporcle quizzes.
OR
Log In

Show Comments

Extras

Created Dec 7, 2016ReportNominate
Tags:Actor Quiz

Top Quizzes Today


Score Distribution

Your Account Isn't Verified!

In order to create a playlist on Sporcle, you need to verify the email address you used during registration. Go to your Sporcle Settings to finish the process.

Report this User

Report this user for behavior that violates our Community Guidelines.

Details: